Local government (Record no. 408944)

000 -LEADER
fixed length control field 00375cam a22001217a 4500
008 - FIXED-LENGTH DATA ELEMENTS--GENERAL INFORMATION
fixed length control field 180718b1984 xxu||||| |||| 00| 0 eng d
082 ## - DEWEY DECIMAL CLASSIFICATION NUMBER
Classification number B7x54 In2 l c.5
100 ## - MAIN ENTRY--PERSONAL NAME
Personal name Datta,Abhijit
245 ## - TITLE STATEMENT
Title Local government
Statement of responsibility, etc. edited by Abhijit Datta
260 ## - PUBLICATION, DISTRIBUTION, ETC.
Place of publication, distribution, etc. New Delhi
Name of publisher, distributor, etc. The Indian Institite of publication administration
Date of publication, distribution, etc. 1984
300 ## - PHYSICAL DESCRIPTION
Extent 219p
650 ## - SUBJECT ADDED ENTRY--TOPICAL TERM
Topical term or geographic name entry element Local government --India
Holdings
Withdrawn status Lost status Damaged status Not for loan Permanent Location Current Location Date acquired Full call number Barcode Date last seen Price effective from Koha item type
        Indian Institute of Public Administration Indian Institute of Public Administration 2008-12-29 B7x54 In2 l c.5 DA11682 2018-07-21 2018-07-21 DA
        Indian Institute of Public Administration Indian Institute of Public Administration 2008-12-29 B7 x54 in 2lo c.2 DA11679 2018-07-21 2018-07-21 DA

Powered by Koha